| 000 -LEADER |
| fixed length control field |
00485nam a22001937a 4500 |
| 005 - DATE AND TIME OF LATEST TRANSACTION |
| control field |
20210219104137.0 |
| 008 - FIXED-LENGTH DATA ELEMENTS--GENERAL INFORMATION |
| fixed length control field |
210219b1993 ||||| |||| 00| 0 eng d |
| 020 ## - INTERNATIONAL STANDARD BOOK NUMBER |
| International Standard Book Number |
2080304964 |
| 040 ## - CATALOGING SOURCE |
| Transcribing agency |
DLC |
| 080 ## - UNIVERSAL DECIMAL CLASSIFICATION NUMBER |
| Universal Decimal Classification number |
59 |
| Item number |
F-24 |
| 100 ## - MAIN ENTRY--PERSONAL NAME |
| 9 (RLIN) |
1017 |
| Personal name |
Farber.Jules B |
| 245 ## - TITLE STATEMENT |
| Title |
Classic cats / |
| Remainder of title |
By great photographers |
| 260 ## - PUBLICATION, DISTRIBUTION, ETC. |
| Place of publication, distribution, etc. |
Mansuls |
| Name of publisher, distributor, etc. |
Flammarion |
| Date of publication, distribution, etc. |
1993 |
| 300 ## - PHYSICAL DESCRIPTION |
| Extent |
143 p.: |
| 365 ## - TRADE PRICE |
| Price type code |
29.95 USD |
| 650 #0 - SUBJECT ADDED ENTRY--TOPICAL TERM |
| 9 (RLIN) |
466 |
| Topical term or geographic name entry element |
Zoology |
| 653 ## - INDEX TERM--UNCONTROLLED |
| Uncontrolled term |
ზოოლოგია |
| 942 ## - ADDED ENTRY ELEMENTS (KOHA) |
| Source of classification or shelving scheme |
|
| Koha item type |
Books |